Type each planet 5 times in a minute - Statistics

General Stats
  • This quiz has been taken 21 times
  • The average score is 28 of 40
Answer Stats
Answer % Correct
Earth
100%
Mercury
100%
Venus
100%
Jupiter
94%
Mars
94%
Saturn
94%
Neptune
88%
Uranus
88%
Mercury
82%
Venus
82%
Earth
76%
Earth
76%
Jupiter
76%
Mars
76%
Mars
76%
Mercury
76%
Neptune
76%
Neptune
76%
Saturn
76%
Saturn
76%
Uranus
76%
Uranus
76%
Venus
76%
Earth
71%
Jupiter
71%
Mars
71%
Mercury
71%
Venus
71%
Neptune
59%
Uranus
59%
Saturn
53%
Jupiter
47%
Mercury
47%
Earth
41%
Venus
41%
Mars
35%
Neptune
35%
Uranus
35%
Saturn
29%
Jupiter
24%
No matching quizzes found
Score Distribution
Percent of People with Each Score
Percentile by Number Answered
Your Score History
You have not taken this quiz